[Event "Cerdanyola del Valles op-A 24th"]
[Site "Cerdanyola del Valles"]
[Date "2008.11.18"]
[Round "8.9"]
[White "Lanau Garcia, Francesc"]
[Black "Orero Anton, Victor"]
[Result "1-0"]
[WhiteElo "2145"]
[BlackElo "1975"]
[PlyCount "51"]
[EventDate "2006.09.30"]
[EventType "swiss"]
[EventRounds "8"]
[EventCountry "AUT"]
[SourceTitle "EXT 2024"]
[Source "ChessBase"]
[SourceDate "2023.10.10"]
[SourceVersion "1"]
[SourceVersionDate "2023.10.10"]
[SourceQuality "1"]

1. d4 f5 2. Nf3 Nf6 3. g3 g6 4. Bg2 Bg7 5. 0-0 0-0 6. c4 d6 7. Nc3 c6 8. Qb3 Qc7 9. d5 Na6 10. Be3 h6 11. Rfd1 e5 12. c5 Re8 13. cxd6 Qf7 14. dxc6 bxc6 15. Qxf7+ Kxf7 16. Nxe5+ Rxe5 17. Bxc6 Rb8 18. d7 Bxd7 19. Bxd7 Rxb2 20. Rab1 Rxb1 21. Nxb1 Ng4 22. Bxa7 Rxe2 23. Bb5 Re7 24. Bc4+ Ke8 25. Bb6 Nb8 26. Rd8# 1-0

[Event "Cerdanyola del Valles op-A 24th"]
[Site "Cerdanyola del Valles"]
[Date "2006.10.14"]
[Round "3.7"]
[White "Alonso Moyano, Jonathan"]
[Black "Orero Anton, Victor"]
[Result "1-0"]
[WhiteElo "2455"]
[BlackElo "1975"]
[PlyCount "69"]
[EventDate "2006.09.30"]
[EventType "swiss"]
[EventRounds "8"]
[EventCountry "AUT"]
[SourceTitle "EXT 2024"]
[Source "ChessBase"]
[SourceDate "2023.10.10"]
[SourceVersion "1"]
[SourceVersionDate "2023.10.10"]
[SourceQuality "1"]

1. e4 c5 2. Nc3 a6 3. g3 b5 4. Bg2 Bb7 5. d3 e6 6. f4 d6 7. Nf3 Nd7 8. 0-0 Ngf6 9. h3 Be7 10. g4 b4 11. Ne2 c4 12. Ng3 cxd3 13. cxd3 Nc5 14. g5 Nfd7 15. Re1 h5 16. h4 d5 17. e5 Nb6 18. f5 g6 19. f6 Bf8 20. d4 Nca4 21. Re2 Qd7 22. Rc2 Nc4 23. b3 Nc3 24. Qe1 Nb6 25. Bd2 a5 26. Bf1 a4 27. Bxc3 axb3 28. axb3 bxc3 29. Rxa8+ Bxa8 30. Qxc3 Qa7 31. Qc7 Qxc7 32. Rxc7 Kd8 33. Rxf7 Bc6 34. Bd3 Be8 35. Bxg6 1-0